| 000 | 00361nam a22001457a 4500 | ||
|---|---|---|---|
| 003 | MACL | ||
| 005 | 20180227124007.0 | ||
| 008 | 180227b xxu||||| |||| 00| 0 eng d | ||
| 040 | _cMACL | ||
| 100 |
_aJain, Seema _970800 |
||
| 245 | _aWorld' s Best Literary Quotes | ||
| 260 |
_aDelhi _bSahitya Surbhi _c2017 |
||
| 650 |
_aMotivation _917135 |
||
| 942 |
_2ddc _cBK |
||
| 999 |
_c57314 _d57314 |
||